Statistics for Guess the Taylor Swift Song (2)

Click here to take the quiz!

General Stats

  • This quiz has been taken 28 times
  • The average score is 218 of 349

Answer Stats

Answer% Correct
a
100%
i
100%
you
100%
Me
96%
me
96%
the
96%
to
92%
in
88%
no
84%
it
80%
love
80%
on
80%
that
80%
your
80%
and
76%
youre
76%
are
72%
but
72%
do
72%
im
72%
like
72%
my
72%
not
72%
of
72%
then
72%
when
72%
know
68%
one
68%
what
68%
who
68%
why
68%
Why
68%
see
64%
so
64%
Tell
64%
tell
64%
here
60%
dont
56%
for
56%
go
56%
can
52%
could
52%
down
48%
from
48%
have
48%
oh
48%
said
48%
say
48%
how
44%
think
44%
doing
40%
ive
40%
night
40%
now
40%
only
40%
took
40%
well
40%
thing
36%
want
36%
day
32%
last
32%
make
32%
mind
32%
need
32%
back
28%
chance
28%
got
28%
bulletproof
24%
feel
24%
get
24%
heres
24%
makes
24%
might
24%
shot
24%
told
24%
around
20%
attitude
20%
ground
20%
hard
20%
push
20%
remember
20%
run
20%
sick
20%
take
20%
yes
20%
believe
16%
cover
16%
feeling
16%
let
16%
mean
16%
perfect
16%
put
16%
reasons
16%
someones
16%
swing
16%
temper
16%
tired
16%
trying
16%
book
12%
confused
12%
forget
12%
frustrated
12%
heartbeat
12%
inside
12%
ruin
12%
small
12%
streak
12%
whole
12%
write
12%
cut
8%
dreams
8%
ask
4%
step
4%
remeber
0%

Score Distribution

Percentile by Number Answered

Percent of People with Each Score

Your Score History

You have not taken this quiz